|
|
|
|
| LEADER |
01506nam a2200385 a 4500 |
| 001 |
EBC459856 |
| 003 |
MiAaPQ |
| 005 |
20200520144314.0 |
| 006 |
m o d | |
| 007 |
cr cn||||||||| |
| 008 |
080711s2008 dcuab sb 000 0 eng |
| 010 |
|
|
|z 2008029523
|
| 020 |
|
|
|z 9780821374917
|
| 020 |
|
|
|z 0821374915
|
| 020 |
|
|
|a 9780821374924 (electronic bk.)
|
| 020 |
|
|
|a 0821374923 (electronic bk.)
|
| 035 |
|
|
|a (MiAaPQ)EBC459856
|
| 035 |
|
|
|a (Au-PeEL)EBL459856
|
| 035 |
|
|
|a (CaPaEBR)ebr10246339
|
| 035 |
|
|
|a (OCoLC)250557543
|
| 040 |
|
|
|a MiAaPQ
|c MiAaPQ
|d MiAaPQ
|
| 043 |
|
|
|a d------
|
| 050 |
|
4 |
|a HC59.7
|b .G765 2008
|
| 082 |
0 |
4 |
|a 338.9/27091724
|2 22
|
| 245 |
0 |
4 |
|a The growth report
|h [electronic resource] :
|b strategies for sustained growth and inclusive development /
|c Commission on Growth and Development.
|
| 260 |
|
|
|a Washington DC :
|b World Bank on behalf of the Commission on Growth and Development,
|c c2008.
|
| 300 |
|
|
|a xiii, 180 p. :
|b ill. (chiefly col.), col. map.
|
| 504 |
|
|
|a Includes bibliographical references.
|
| 533 |
|
|
|a Electronic reproduction. Ann Arbor, MI : ProQuest, 2015. Available via World Wide Web. Access may be limited to ProQuest affiliated libraries.
|
| 651 |
|
0 |
|a Developing countries
|x Economic policy.
|
| 655 |
|
4 |
|a Electronic books.
|
| 710 |
2 |
|
|a World Bank.
|
| 710 |
2 |
|
|a Commission on Growth and Development.
|
| 710 |
2 |
|
|a ProQuest (Firm)
|
| 856 |
4 |
0 |
|u https://ebookcentral.proquest.com/lib/matrademy/detail.action?docID=459856
|z Click to View
|